Parole Di Ghiaccio - Emis Killa - Testo Completo - Statistics

Statistiche generali
  • Questo quiz è stato fatto 237 volte
  • Il punteggio medio è 433 su 609
Statistiche sulle risposte
Risposta % Corretto
i
100%
è
99%
e
99%
E
99%
"In
99%
in
99%
il
98%
Il
98%
Fuori
97%
fuori,
97%
te
97%
no,
96%
a
95%
brutto
95%
fine
95%
inverno
95%
mi
95%
per
95%
Questo
95%
questo
95%
tempo
95%
sta
94%
finendo
92%
ha
92%
me
92%
me,
92%
Però
92%
si
92%
Sì,
92%
vento
92%
ne
91%
tu
91%
freddo
90%
calma
89%
Chi
89%
mio
89%
non
89%
Non
89%
sguardo
89%
calmato
88%
meno
88%
cosa
86%
passerà
86%
pazienza
86%
quanto
86%
suo
86%
uscirà
86%
ci
84%
Ogni
84%
se
82%
avanti
80%
c'ha
80%
di
79%
ma
79%
Ma
79%
penso
79%
Penso
79%
Vado
79%
che
78%
che,
78%
domenica
78%
isterica
77%
Oggi
77%
gridi
73%
Parole
73%
parole
73%
sono
73%
con
72%
da
72%
le
72%
Le
72%
tuoi
72%
come
71%
cuore
71%
Quando
71%
quando
71%
ti
71%
un
71%
mai
70%
noi
70%
la
69%
nevica
68%
più
67%
"Una
67%
una
67%
Una
67%
amare?
66%
amare
66%
io
66%
vino
66%
veritas"
65%
ad
64%
ai
64%
c'è
64%
ciò
64%
ho
64%
mentre
64%
Mentre
64%
nel
64%
piaciuto
64%
sempre
64%
tutto
64%
Tutto
64%
ero
63%
fa
62%
hanno
62%
merita",
62%
ubriaco,
62%
continui
60%
insegnato
60%
perché
60%
Perché
60%
rare
60%
urlare
60%
voglia
60%
detto:
59%
Dove
59%
entrare
58%
senza
58%
poterci
57%
prime
57%
solo
57%
trovi
56%
botte,
55%
ghiaccio
55%
lo
55%
mo
55%
d'amore,
54%
Dimenticandoti
54%
Guardare
54%
paradiso
54%
bel
53%
ora
53%
viso
53%
caldo
52%
cielo
52%
qui
52%
bene
51%
dal
51%
nessuno
51%
perfetto
51%
amore
49%
calci
49%
col
49%
coppia
49%
perfetta
49%
prendo
49%
sedie
49%
tue
49%
vedere",
49%
"Fatti
48%
sei
48%
uno
48%
al
47%
esco
47%
PC
47%
rabbia
47%
gli
46%
l'inverno
46%
porto
46%
cattiverie
45%
dico
45%
immagini
45%
aperto,
44%
ancora
43%
lanci
43%
cancello
42%
Grido:
42%
piatti,
42%
senso
42%
dentro,
40%
Due
40%
volte
40%
storia
39%
testa
39%
Così
38%
così
38%
dicono
38%
d'inverno
38%
imbocca
38%
mento
38%
pensi,
38%
respingono
38%
stavi
38%
calamite
37%
inferno,
37%
fai
36%
grandi,
36%
Nella
36%
sbaglio
36%
Siamo
36%
errori,
35%
rifare
35%
uguali
35%
sai
34%
sogno,
34%
vibrazione
33%
abbraccio,
32%
accorgo
32%
Anche
32%
cellulare
32%
c'ho
32%
dormo
32%
ricordo,
32%
scioglierebbero
32%
servono
32%
Tolgo
32%
certe
31%
discorsi
31%
freddi
31%
imparare,
31%
ragione
31%
sentimento
31%
calore
30%
Morto
30%
passa
30%
ricordi
30%
adesso
29%
chiami
29%
fino
29%
L'attrazione
29%
lottano
29%
nuvola
29%
Certo,
28%
occhi
28%
pure
28%
vincono
28%
Fredde
27%
grandinano
27%
innamorato
27%
passeggera
27%
poco
27%
resta
26%
credevamo
25%
dai
25%
fermo,
25%
fulmine
25%
gola,
25%
nera
25%
risveglio
25%
sola
25%
stato,
25%
stato
25%
dura
23%
fretta
23%
lenzuola
23%
maltempo
23%
piovendo
23%
stagnola,
23%
tempesta
23%
Vorrei
23%
bei
22%
colpo
22%
dormi
22%
iberno,
22%
Dopo
21%
esposti
21%
Memento
21%
sarà
21%
stai
21%
accontento
20%
bello
20%
seguito
20%
terra
20%
finché
19%
piedi
19%
silenzio
19%
stasera,
19%
alto
18%
culmine
18%
dimenticarti
18%
goditi
18%
arriva
17%
baby,
17%
Vola
16%
odi
14%
quelle
14%
sfoga
14%
Nessun quiz corrispondente trovato
Distribuzione punteggi
Percentuale di utenti per punteggio
Percentile per numero di risposta
I tuoi punteggi nel tempo
Non hai fatto questo quiz